<?xml version="1.0" encoding="UTF-8"?><?xml-stylesheet type="text/xsl" href="static/style.xsl"?><OAI-PMH xmlns="http://www.openarchives.org/OAI/2.0/" xmlns:xsi="http://www.w3.org/2001/XMLSchema-instance" xsi:schemaLocation="http://www.openarchives.org/OAI/2.0/ http://www.openarchives.org/OAI/2.0/OAI-PMH.xsd"><responseDate>2026-04-13T11:35:45Z</responseDate><request verb="GetRecord" identifier="oai:www.recercat.cat:2445/184636" metadataPrefix="marc">https://recercat.cat/oai/request</request><GetRecord><record><header><identifier>oai:recercat.cat:2445/184636</identifier><datestamp>2025-11-20T15:03:05Z</datestamp><setSpec>com_2072_1057</setSpec><setSpec>col_2072_478916</setSpec><setSpec>col_2072_478917</setSpec></header><metadata><record xmlns="http://www.loc.gov/MARC21/slim" xmlns:dcterms="http://purl.org/dc/terms/" xmlns:xsi="http://www.w3.org/2001/XMLSchema-instance" xmlns:doc="http://www.lyncode.com/xoai" xsi:schemaLocation="http://www.loc.gov/MARC21/slim http://www.loc.gov/standards/marcxml/schema/MARC21slim.xsd">
   <leader>00925njm 22002777a 4500</leader>
   <datafield ind2=" " ind1=" " tag="042">
      <subfield code="a">dc</subfield>
   </datafield>
   <datafield ind2=" " ind1=" " tag="720">
      <subfield code="a">Carnicer Pont, Dolors</subfield>
      <subfield code="e">author</subfield>
   </datafield>
   <datafield ind2=" " ind1=" " tag="720">
      <subfield code="a">Tigova, Olena</subfield>
      <subfield code="e">author</subfield>
   </datafield>
   <datafield ind2=" " ind1=" " tag="720">
      <subfield code="a">Havermans, Anne</subfield>
      <subfield code="e">author</subfield>
   </datafield>
   <datafield ind2=" " ind1=" " tag="720">
      <subfield code="a">Remue, Eline</subfield>
      <subfield code="e">author</subfield>
   </datafield>
   <datafield ind2=" " ind1=" " tag="720">
      <subfield code="a">Ferech, Matus</subfield>
      <subfield code="e">author</subfield>
   </datafield>
   <datafield ind2=" " ind1=" " tag="720">
      <subfield code="a">Vejdovszky, Katharina</subfield>
      <subfield code="e">author</subfield>
   </datafield>
   <datafield ind2=" " ind1=" " tag="720">
      <subfield code="a">Solimini, Renata</subfield>
      <subfield code="e">author</subfield>
   </datafield>
   <datafield ind2=" " ind1=" " tag="720">
      <subfield code="a">Gallus, Silvano</subfield>
      <subfield code="e">author</subfield>
   </datafield>
   <datafield ind2=" " ind1=" " tag="720">
      <subfield code="a">Nunes, Emilia</subfield>
      <subfield code="e">author</subfield>
   </datafield>
   <datafield ind2=" " ind1=" " tag="720">
      <subfield code="a">Lange, Carl</subfield>
      <subfield code="e">author</subfield>
   </datafield>
   <datafield ind2=" " ind1=" " tag="720">
      <subfield code="a">Gomez Chacon, Cristina</subfield>
      <subfield code="e">author</subfield>
   </datafield>
   <datafield ind2=" " ind1=" " tag="720">
      <subfield code="a">Ruiz Dominguez, Francisco</subfield>
      <subfield code="e">author</subfield>
   </datafield>
   <datafield ind2=" " ind1=" " tag="720">
      <subfield code="a">Behrakis, Panagiotis</subfield>
      <subfield code="e">author</subfield>
   </datafield>
   <datafield ind2=" " ind1=" " tag="720">
      <subfield code="a">Vardavas, Constantine</subfield>
      <subfield code="e">author</subfield>
   </datafield>
   <datafield ind2=" " ind1=" " tag="720">
      <subfield code="a">Fernández Muñoz, Esteve</subfield>
      <subfield code="e">author</subfield>
   </datafield>
   <datafield ind2=" " ind1=" " tag="260">
      <subfield code="c">2022-04-01T16:18:51Z</subfield>
   </datafield>
   <datafield ind2=" " ind1=" " tag="260">
      <subfield code="c">2022-04-01T16:18:51Z</subfield>
   </datafield>
   <datafield ind2=" " ind1=" " tag="260">
      <subfield code="c">2022-03-03</subfield>
   </datafield>
   <datafield ind2=" " ind1=" " tag="260">
      <subfield code="c">2022-03-31T06:59:46Z</subfield>
   </datafield>
   <datafield ind2=" " ind1=" " tag="520">
      <subfield code="a">INTRODUCTION Under the European Union (EU) Tobacco Products Directive (2014/40/EU) (TPD), manufacturers and importers of tobacco products are required to report information to the European Commission (EC) and Member States (MS) on products intended to be placed on the market. We describe the distribution of notifications to the EU Common Entry Gate (EU-CEG) and identify key fields for improvement on reporting cigarettes or roll-your-own (RYO) tobacco. METHODS A cross-sectional analysis of secondary data reported in the EU-CEG was conducted for tobacco products notified within EU-CEG between June 2016 and October 2019 for 12 EU MS. Analysis of compliance to specific regulations for priority additives that refer to cigarettes and RYO was conducted for 10 EU countries. RESULTS Overall, 39170 tobacco products were notified. This included 16762 (42.8%) notifications of cigars, followed by cigarettes 11242 (28.7 %), waterpipes 3291 (8.4%), cigarillos (n=1783), pipe (n=1715), RYO (n=1635), chewing tobacco (n=1021), novel tobacco products (n=839), herbal products for smoking (n=535), other (n=258), nasal (n=74) and oral tobacco (n=15). In cigarettes and RYO tobacco products, the proportion of ingredients notified in all countries that contained an unknown Chemical Abstract Services (CAS) number was 3.8% and 2.1%, respectively. The proportion of underreporting flagging of priority additives ranged from 15.9% in Malta to 41.3% in Lithuania, the mean proportion of underreporting of the variable 'priority additive' for the 10 countries together was 24.7%. CONCLUSIONS In the EU-CEG data base, for the period of analysis, a significant number of product notifications took place while large variations in the number of types of tobacco products notified across EU countries was noted. The timely monitoring of these data is needed so that products non-compliant within the EU-CEG system are assessed.</subfield>
   </datafield>
   <datafield tag="653" ind2=" " ind1=" ">
      <subfield code="a">Tabac</subfield>
   </datafield>
   <datafield tag="653" ind2=" " ind1=" ">
      <subfield code="a">Països de la Unió Europea</subfield>
   </datafield>
   <datafield tag="653" ind2=" " ind1=" ">
      <subfield code="a">Tobacco</subfield>
   </datafield>
   <datafield tag="653" ind2=" " ind1=" ">
      <subfield code="a">European Union countries</subfield>
   </datafield>
   <datafield ind2="0" ind1="0" tag="245">
      <subfield code="a">Tobacco products in the European Union Common Entry Gate (EU-CEG): A tool for monitoring the EU tobacco products directive</subfield>
   </datafield>
</record></metadata></record></GetRecord></OAI-PMH>